Генерирование энергии вибрационных колебаний; Интеллектуальные энергосистемы; Т. 3

التفاصيل البيبلوغرافية
Parent link:Интеллектуальные энергосистемы: труды III Международного молодёжного форума, 28 сентября - 2 октября 2015 г., г. Томск/ Национальный исследовательский Томский политехнический университет (ТПУ).— , 2015
Т. 3.— 2015.— [С. 19-22]
المؤلف الرئيسي: Бетенекова Н. В.
مؤلف مشترك: Национальный исследовательский Томский политехнический университет
مؤلفون آخرون: Иванова В. С. Вероника Сергеевна (научный руководитель)
الملخص:Заглавие с титульного экрана
اللغة:الروسية
منشور في: 2015
سلاسل:Перспективы развития интеллектуальных систем в электроснабжении
الموضوعات:
الوصول للمادة أونلاين:http://earchive.tpu.ru/handle/11683/16168
http://www.lib.tpu.ru/fulltext/c/2015/C43/V3/005.pdf
التنسيق: الكتروني فصل الكتاب
KOHA link:https://koha.lib.tpu.ru/cgi-bin/koha/opac-detail.pl?biblionumber=615935

MARC

LEADER 00000naa2a2200000 4500
001 615935
005 20260117160128.0
035 |a (RuTPU)RU\TPU\conf\14168 
035 |a RU\TPU\conf\14164 
090 |a 615935 
100 |a 20151127d2015 k y0rusy50 ca 
101 0 |a rus 
102 |a RU 
105 |a y z 101zy 
135 |a drgn ---uucaa 
181 0 |a i  
182 0 |a b 
200 1 |a Генерирование энергии вибрационных колебаний  |f Н. В. Бетенекова  |g науч. рук. В. С. Иванова 
203 |a Текст  |c электронный 
225 1 |a Перспективы развития интеллектуальных систем в электроснабжении 
300 |a Заглавие с титульного экрана 
320 |a [Библиогр.: с. 22 (5 назв.)] 
337 |a Adobe Reader 
461 1 |0 (RuTPU)RU\TPU\conf\13656  |t Интеллектуальные энергосистемы  |o труды III Международного молодёжного форума, 28 сентября - 2 октября 2015 г., г. Томск  |o в 3 т.  |f Национальный исследовательский Томский политехнический университет (ТПУ)  |d 2015 
463 1 |0 (RuTPU)RU\TPU\conf\13661  |t Т. 3  |v [С. 19-22]  |d 2015 
610 1 |a труды учёных ТПУ 
610 1 |a электронный ресурс 
610 1 |a генерирование 
610 1 |a энергия 
610 1 |a вибрационные колебания 
610 1 |a пьезоэлектрические материалы 
700 1 |a Бетенекова  |b Н. В. 
702 1 |a Иванова  |b В. С.  |c специалист в области приборостроения  |c доцент Томского политехнического университета, ведущий эксперт, кандидат технических наук  |f 1977-  |g Вероника Сергеевна  |4 727 
712 0 2 |a Национальный исследовательский Томский политехнический университет  |c (2009- )  |9 26305 
801 2 |a RU  |b 63413507  |c 20210210  |g RCR 
856 4 |u http://earchive.tpu.ru/handle/11683/16168 
856 4 |u http://www.lib.tpu.ru/fulltext/c/2015/C43/V3/005.pdf 
942 |c BK